000 01087nac a22003137a 4500
001 BR8711955
003 BR-BrBNA
005 20240105120652.0
008 230509b bl.|||m| |||| 00| 0 por d
040 _aBR-BrBNA
_bpor
_cBiblioteca Nacional de Agricultura
072 _aE16
090 _a5212 BR8711955
100 1 _aSalles, P.A.A. de
100 1 _aAmestoy, A.C.
100 1 _aBernardes, R.M.
100 1 _aCabral Neto, M.D.
110 1 _aUnidade de Execucao de Pesquisa de Ambito Estadual de Bage, RS (Brasil)
245 1 _aAbater o novilho aos dois anos aumenta a receita liquida da pecuaria
246 1 _a[The slaughtering of 2 years old calves increases carnings with cattle breeding]
260 3 _aBage, RS (Brasil):
_c1986.
300 _a26 p.
490 _aCircular Tecnica - Unidade de Execucao de Pesquisa de Ambito Estadual de Bage (Brazil)
_vno. 1
_xISSN 0100-8188
500 _a11 tables; 7 ref.
650 _aNOVILHO
650 _aECONOMIA DA PRODUCAO
650 _aABATE
909 _a202312
_bLúcia Elande
_c55
_dLúcia Elande
942 _2AGRIS
_n0
_cMS
999 _c280790
_d280790